Agregované vyhľadávanie entít podobných vlastností v heterogénnych zdrojoch informácií

Saved in:
Bibliographic Details
Main Author: Pán, Gabriel, 1987- (Author)
Other Authors: Hamar, Jozef (xxx)
Format: Manuscript Book
Language:Slovak
Published: STU v Bratislave FIIT, 2008
Subjects:
Tags: Add Tag
No Tags, Be the first to tag this record!

MARC

LEADER 00000ntm a22000003a 4500
001 stu167352
005 20150617230007.0
008 080724s2008----xo------------------slo-d
040 |a STU  |b slo 
041 0 |a slo 
044 |a xo 
100 1 |a Pán, Gabriel,  |d 1987-  |4 aut  |u I200  |U FIIT Fakulta informatiky a informačných technológií  |T FIIT Ústav informatiky a softvérového inžinierstva  |X 16994  |U I200  |Y 179  |7 A000016994 
245 1 |a Agregované vyhľadávanie entít podobných vlastností v heterogénnych zdrojoch informácií 
260 |b STU v Bratislave FIIT,  |c 2008 
300 |a 36 s  |c príl. 
650 7 |a informatika  |2 stusub 
700 1 |a Hamar, Jozef  |4 xxx 
996 |c I*BAP122/08  |l II680  |s P  |a 0  |w stu167352_0001